La doctrina latinoamericana del Uti possidetis
Guardat en:
| Autor principal: | |
|---|---|
| Format: | Llibre |
| Idioma: | espanyol |
| Publicat: |
Concepción
Universidad de Concepción
1977
|
| Matèries: | |
| Etiquetes: |
Afegir etiqueta
Sense etiquetes, Sigues el primer a etiquetar aquest registre!
|
MARC
| LEADER | 00000nam a2200000 a 4500 | ||
|---|---|---|---|
| 001 | UCS2819 | ||
| 003 | CL-VaPUC | ||
| 008 | 970606e19770000CL |||||||||||||||||spa|d | ||
| 082 | 0 | 4 | |a 341.28 |b DUR |2 21 |
| 100 | |a Durán Bächler, Samuel |e autor |9 767833 | ||
| 245 | 1 | 3 | |a La doctrina latinoamericana del Uti possidetis |
| 300 | |a 128 p | ||
| 942 | |c BK | ||
| 945 | |d 19970606 00:00:00 |a lriquelm | ||
| 260 | |a Concepción |b Universidad de Concepción |c 1977 | ||
| 500 | |a Separata de la revista Atenea Nº 432-433 | ||
| 650 | 7 | |a DERECHO INTERNACIONAL PUBLICO |2 CL-VaPUC |9 388668 | |
| 650 | 7 | |a TERRITORIOS NO AUTONOMOS |2 CL-VaPUC |9 388669 | |
| 650 | 7 | |a TERRITORIOS EN FIDEICOMISO |2 CL-VaPUC |9 388670 | |
| 650 | 7 | |a TRATADOS BILATERALES |2 CL-VaPUC |9 388671 | |
| 650 | 0 | |a Constituciones |9 255417 | |
| 651 | 0 | |a Latinoamérica |9 316393 | |
| 583 | |a last modification |c 19970606 00:00:00 |k Rodrigo Vera | ||
| 999 | |c 260750 |d 260748 | ||
| 952 | |0 0 |1 0 |4 0 |6 341_280000000000000_DUR_1977 |7 0 |8 A |9 287080 |a BIBDER |b BIBDER |d 2019-11-19 |i 1864963 |o 341.28 DUR 1977 |p 1864963 |r 2023-01-25 |w 2019-11-19 |y BK |k DER | ||
| 952 | |0 0 |1 0 |4 0 |6 341_280000000000000_DUR_1977 |7 0 |8 A |9 287081 |a BIBGIM |b BIBGIM |d 2019-11-19 |i 3614050 |o 341.28 DUR 1977 |p 3614050 |r 2025-01-15 |w 2019-11-19 |y BK |k ORI | ||
| 952 | |0 0 |1 0 |4 0 |6 341_280000000000000_DUR_1977 |7 0 |8 DER_HDC |9 287082 |a BIBDER |b BIBDER |d 2019-11-19 |i 3816435 |o 341.28 DUR 1977 |p 3816435 |r 2023-01-25 |w 2019-11-19 |x Ubicación 4to Piso |y BK |z Estos recursos deben solicitarse con anticipación |k DER | ||